| 000 | 00676cam a2200193 4500 | ||
|---|---|---|---|
| 008 | 090616s1993 mx 000 0 spa u | ||
| 020 | _a9683631355 | ||
| 035 | _aa482932 | ||
| 050 | 0 | 4 |
_aPA6409 _bH47 1993 |
| 100 | 1 | _aHerrera Zapién, Tarsicio | |
| 245 | 1 | 0 |
_aHoracio : _bCrisol bimilenario / _censayos, diálogos y vers. métrica de diez odas por Tarsicio Herrera Zapién ; con una presentación de Julio Pimental Álvarez. |
| 250 | _a1a ed. | ||
| 260 |
_aMéxico : _bUNAM, _c1993 |
||
| 300 |
_a198 p. ; _c21 cm. |
||
| 504 | _aIncluye índice | ||
| 600 | 1 |
_aHoracio _xCrítica e interpretación _2Lemb |
|
| 700 | 1 | _aPimentel Álvarez, Julio, pról. | |
| 942 |
_2lcc _cLIB |
||
| 999 |
_c70483 _d70483 |
||